000 01004nam a2200349 a 4500
001 3957528
003 OSt
005 20140310183111.0
008 941020s1992 ph b 001 0 eng
010 _a 93941810
020 _a9712310108
040 _aDLC
_cDLC
042 _alcode
043 _aa-ph---
050 0 0 _aKF 5624.31
_b.D622 2000
082 0 0 _aFIL 344.0720599
_bD64 2000
100 1 _aDizon, Amado C.
245 1 0 _aLaw and education
_cDizon, Amado C.
260 _aManila, Philippines
_bPublished & distributed by Rex Book Store
_c2000
300 _a274 p.
_c22 cm.
504 _aIncludes bibliographical references and index.
521 _aCollege student
526 _c1210L-1700L
541 _j1
541 _j2
541 _j3
562 _e3
650 0 _aEducational law and legislation
_zPhilippines.
906 _a7
_bcbc
_corigode
_d3
_encip
_f19
_gy-gencatlg
942 _2lcc
_cBK
_kFIL
999 _c18847
_d18847